Регионална библиотека "Любен Каравелов" - Русе

Научна евристика (Запис номер 463238)

MARC детайли
000 -Лидер
Контролно поле с фиксирана дължина nam a22 a 4500
003 - Код на организацията, давaща контролен номер
Контролно поле BLK
005 - Дата и час на последна редакция
Контролно поле 20220624085509.0
008 - Елементи от данни с фиксирана дължина
fixed length control field 220412b bu |||||r|||| 00| | bu d
040 ## - Източник на каталожния запис
Идентификатор на билиотеката - собственик на записа BLK
041 ## - Код за език
Код за езика на текст/звукозапис или на отделно заглавие Български
Код за езика КДБФ Български
080 ## - УДК
Текстов определител УДК Организация на науката и научноизследователската работа, опитно-конструкторската работа, експеримент и контрол, иновации, изобретателство, нововъведения Вж и 005;007;351.85
УДК код - определител по УДК 001.89
УДК - код + определител 001.89
139 ## - Редно поле
Редна дума Научна евристика
245 ## - Сведения за заглавието
Заглавие Научна евристика
Подзаглавни данни Ръководство по организация на научноизслед. труд
Редно поле (дума) науч. ред. Ст. Добрев, Д. Бърняков
260 ## - Област на издателските данни
9 (RLIN) 216385
Място на издаване, разпространение и проч. София
Име на издателя, разпространителя и проч. ЦНТИИ
Година на издаване 1971
Издателство - префикс ISBN 954-8639-
300 ## - Физическа характеристика
Страници 174 с. : с черт., табл.
Размери/Мащаб 20 см
380 ## - Жанр
Жанр Общ отдел
650 #0 - Допълнително описание по предмет – тема
9 (RLIN) 273077
Основно описание – тема или топоним Научноизследователска работа
650 #7 - Допълнително описание по предмет – тема
9 (RLIN) 154159
Основно описание – тема или топоним Евристика
653 #7 - Ключова дума – ненормативна
9 (RLIN) 191855
Ключова дума научноизследователска работа
700 ## - Други автори (авторска отговорност)
9 (RLIN) 407830
Лично име Добрев, Ст.
Автороска отговорност (Описва отношението между автора и произведението) ред.
700 ## - Други автори (авторска отговорност)
Лично име Бърняков, Д.
Автороска отговорност (Описва отношението между автора и произведението) ред.
9 (RLIN) 476934
852 ## - Местоположение
Форматна сигнатура Цб 60203
Фондова буква Хранилище
999 ## - СИСТЕМНИ КОНТРОЛНИ НОМЕРА
Koha biblionumber 463238
Koha biblioitemnumber 463238
942 ## - АРТИКУЛИ
Вид на библиотечния материал Книги
Скрит в OPAC Не
Периодичен библиозапис Да
944 ## - СЪЗДАВАНЕ И РЕДАКЦИЯ на ЗАПИСА
Създаване/Редакция Създаване
Дата на регистрацията/редакция 2022-06-24
Служител, извършил регистрацията/редакцията нр
Наличности
Код за отписване Код за изгубен артикул Източник на класификационната схема Код за повреда Коз за рестрикции Код за отдаване Артикулен № Име на библиотеката - собственик Име на библиотеката, в която се намира в момента Статус (Текущо местоположение) Дата на вписване в системата Местоположение - отдел Цена в лева Инвентарен номер Систематично азбучна сигнатура Баркод Цена в евро Служебен тип на артикула
  Не е изгубен Universal Decimal Classification Не е повреден само за читалня ползва се в читалня 892079 Регионална библиотека "Любен Каравелов" Русе Регионална библиотека "Любен Каравелов" Русе Хранилище 2022-06-28 Хранилище 0.00 103329 Цб 60203 120000103329 0.00 Книги
Vip Innovations Ltd, Rousse, Bulgaria 2025